| 000 -LEADER |
| fixed length control field |
00598pam a2200205 a 4500 |
| 020 ## - INTERNATIONAL STANDARD BOOK NUMBER |
| ISBN |
0803921454 |
| 020 ## - INTERNATIONAL STANDARD BOOK NUMBER |
| ISBN |
0803921462 (pbk.) |
| 040 ## - CATALOGING SOURCE |
| Transcribing agency |
DLC |
| 082 00 - DEWEY DECIMAL CLASSIFICATION NUMBER |
| Classification number |
306 SAG 1986 A065 Or. |
| 100 1# - MAIN ENTRY--AUTHOR NAME |
| Personal name |
LaRossa, Ralph. |
| 245 10 - TITLE STATEMENT |
| Title |
Becoming a parent / |
| 260 ## - PUBLICATION, DISTRIBUTION, ETC. (IMPRINT) |
| Place of publication |
Beverly Hills : |
| Name of publisher |
Sage Publications, |
| Year of publication |
c1986. |
| 300 ## - PHYSICAL DESCRIPTION |
| Number of Pages |
135 p. ; |
| Dimensions |
23 cm. |
| 500 ## - GENERAL NOTE |
| General note |
Includes indexes. |
| 650 #0 - SUBJECT ADDED ENTRY--TOPICAL TERM |
| Topical Term |
Parenthood. |
| 650 #0 - SUBJECT ADDED ENTRY--TOPICAL TERM |
| Topical Term |
Parenting |
| 856 42 - ELECTRONIC LOCATION AND ACCESS |
| Uniform Resource Identifier |
http://www.loc.gov/catdir/enhancements/fy0654/85030246-d.html |
| 856 41 - ELECTRONIC LOCATION AND ACCESS |
| Uniform Resource Identifier |
http://www.loc.gov/catdir/enhancements/fy0654/85030246-t.html |
| 942 ## - ADDED ENTRY ELEMENTS (KOHA) |
| Koha item type |
សៀវភៅភាសាអង់គ្លេស |
| 952 ## - LOCATION AND ITEM INFORMATION (KOHA) |
| Withdrawn status [LOCAL, KOHA] |
0 |